| 000 | 00634nam a2200205Ia 4500 | ||
|---|---|---|---|
| 001 | 17016 | ||
| 003 | GE_BSU | ||
| 008 | 181216s||||||||xx |||||||||||||| ||und|| | ||
| 040 | _cGE_BSU | ||
| 080 | _a821.161.1-11 | ||
| 100 | _aლერმონტოვი, მ.ი. | ||
| 245 | _aპოემები | ||
| 245 | _cმთარგმნ.: ნიკოლოზ ნადირაძე. პ/მ.რედ.შ.აფხაიძე | ||
| 260 | _aთბილისი | ||
| 260 | _bსაბლიტგამი | ||
| 260 | _c1954 | ||
| 300 | _a47გვ. : ილ. ; 20სმ | ||
| 653 | _aპოემები | ||
| 942 | _cBK | ||
| 999 |
_c50078 _d50078 |
||